Η ανάπτυξη της σύγχρονης Ευρωπαικής γεωγραφίας στην Αγγλία, τη Γαλλία και τη Γερμανία: δοκίμιο δημιουργίας εκπαιδευτικού υλικού από τη διεθνή βιβλιογραφία

Saved in:
Bibliographic Details
Other Authors: Αφουξενίδης, Α.
Format: Book
Language:Greek
Published: Λέσβος : Πανεπιστήμιο Αιγαίου, 2000
Subjects:
Tags: Add Tag
No Tags, Be the first to tag this record!

MARC

LEADER 00000cam a2200000 i 4500
001 1/19912
008 010705s2000 gre d
020 |a 960-7475-12-7 
035 |l 10067023 
040 |a GR-MY-UA  |b gre  |e aacr 
041 0 |a gre 
082 0 |a 910.07 
245 1 2 |a Η ανάπτυξη της σύγχρονης Ευρωπαικής γεωγραφίας στην Αγγλία, τη Γαλλία και τη Γερμανία: δοκίμιο δημιουργίας εκπαιδευτικού υλικού από τη διεθνή βιβλιογραφία /  |c Α. Αφουξενίδης ... [κ. α.], επιμέλεια, μετάφραση, γλωσσάρι 
260 |a Λέσβος :   |b Πανεπιστήμιο Αιγαίου,   |c 2000 
300 |a 89 σ. 
500 |a Τόμος 4 (περιορισμένης κυκλοφορίας) της έκθεσης του ερευνητικού προγράμματος που υποβάλλεται στο Υπουργείο Παιδείας και Θρησκευμάτων και χρηματοδοτήθηκε απο το Β' ΚΠΣ/ΕΠΕΑΕΚ (Επιχειρησιακό Πρόγραμμα Εκπαίδευσης και Αρχικής Επαγγελματικής Κατάρτισης) 
500 |a Επιστημονική υπεύθυνη: Καθηγήτρια Λίλα Λεοντίδου 
500 |a Μετάφραση τριών κεφαλαίων από το βιβλίο Johnston, R. J. & Claval, P (επιμ.) 1984. Geography since the second world war: an international study.Croom Helm, London 
650 0 0 |a Speeches, addresses, etc. 
650 0 0 |a Geography. 
700 1 |a Αφουξενίδης, Α. 
852 |a INST  |b LESVOS  |e 20011011  |h 910.07 ΑΝΑ  |p 005100028591  |q 005100028591  |t BK  |y 0 
852 |a INST  |b LESVOS  |e 20011011  |h 910.07 ΑΝΑ  |p 005100028592  |q 005100028592  |t BK  |y 0 
852 |a INST  |b LESVOS  |e 20011011  |h 910.07 ΑΝΑ  |p 005100028593  |q 005100028593  |t BK  |y 0 
852 |a INST  |b LESVOS  |e 20011011  |h 910.07 ΑΝΑ  |p 005100028594  |q 005100028594  |t BK  |y 0 
852 |a INST  |b LESVOS  |e 20011011  |h 910.07 ΑΝΑ  |p 005100028595  |q 005100028595  |t BK  |y 0 
852 |a INST  |b LESVOS  |e 20011011  |h 910.07 ΑΝΑ  |p 005100028596  |q 005100028596  |t BK  |y 0 
852 |a INST  |b LESVOS  |e 20011011  |h 910.07 ΑΝΑ  |p 005100028602  |q 005100028602  |t BK  |y 0 
852 |a INST  |b LESVOS  |e 20011011  |h 910.07 ΑΝΑ  |p 005100028603  |q 005100028603  |t BK  |y 0 
852 |a INST  |b LESVOS  |e 20011011  |h 910.07 ΑΝΑ  |p 005100028604  |q 005100028604  |t BK  |y 0 
852 |a INST  |b LESVOS  |e 20011011  |h 910.07 ΑΝΑ  |p 005100028605  |q 005100028605  |t BK  |y 0 
852 |a INST  |b LESVOS  |e 20011011  |h 910.07 ΑΝΑ  |p 005100028606  |q 005100028606  |t BK  |y 12 
852 |a INST  |b LESVOS  |e 20011011  |h 910.07 ΑΝΑ  |p 005100028607  |q 005100028607  |t BK  |y 0 
852 |a INST  |b LESVOS  |e 20011011  |h 910.07 ΑΝΑ  |p 005100028608  |q 005100028608  |t BK  |y 0 
852 |a INST  |b LESVOS  |e 20011011  |h 910.07 ΑΝΑ  |p 005100028609  |q 005100028609  |t BK  |y 0 
852 |a INST  |b LESVOS  |e 20011011  |h 910.07 ΑΝΑ  |p 005100028610  |q 005100028610  |t BK  |y 0 
852 |a INST  |b LESVOS  |e 20011011  |h 910.07 ΑΝΑ  |p 005100028611  |q 005100028611  |t BK  |y 0 
852 |a INST  |b LESVOS  |e 20011011  |h 910.07 ΑΝΑ  |p 005100028612  |q 005100028612  |t BK  |y 0 
852 |a INST  |b LESVOS  |e 20011011  |h 910.07 ΑΝΑ  |p 005100028613  |q 005100028613  |t BK  |y 0 
852 |a INST  |b LESVOS  |e 20011011  |h 910.07 ΑΝΑ  |p 005100028614  |q 005100028614  |t BK  |y 0 
852 |a INST  |b LESVOS  |e 20010705  |h 910.07 ΑΝΑ  |p 005100028862  |q 005100028862  |t BK  |y 0 
901 |a BIBL1-2001-2 
901 |a BIBL1-2001-3 
909 |a Λ  |b 086943 
909 |a Λ  |b 088668 
909 |a Λ  |b 088669 
909 |a Λ  |b 088670 
909 |a Λ  |b 088671 
909 |a Λ  |b 088672 
909 |a Λ  |b 088656 
909 |a Λ  |b 088655 
909 |a Λ  |b 088662 
909 |a Λ  |b 088663 
909 |a Λ  |b 088664 
909 |a Λ  |b 088665 
909 |a Λ  |b 088666 
909 |a Λ  |b 088667 
909 |a Λ  |b 088660 
909 |a Λ  |b 088661 
909 |a Λ  |b 088651 
909 |a Λ  |b 088652 
909 |a Λ  |b 088653 
909 |a Λ  |b 088654 
970 |a ΤΖΑΦΕΡΗ  |b ΕΥΑΓΓΕΛΙΑ  |z 2001/07/06